Exercise walking [
| Main Author: | |
|---|---|
| Format: | Book |
| Published: |
New York :
Simon & Schuster ,
1988
|
| Subjects: |
MARC
| LEADER | 00000cam a2200000 7i4500 | ||
|---|---|---|---|
| 001 | 0000001395 | ||
| 002 | 000001535 | ||
| 005 | 20021022.0 | ||
| 020 | |a 0671658050 | ||
| 090 | 0 | 0 | |a 613.7 |b YAN |
| 100 | 1 | |a Yanker, Gary | |
| 245 | 1 | 0 | |a Exercise walking [ |h sound recording] |c Gary Yanker |
| 260 | |a New York : |b Simon & Schuster , |c 1988 | ||
| 300 | |a 1 sound cassette (50 minutes) | ||
| 650 | 0 | 0 | |a Physical fitness |x Garden walks |x Exercise [Hygiene] |
| 999 | |a 00001 |b KASET |c KOLEKSI AUDIO VIDEO |e PERPUSTAKAAN KOMUNITI PETALING JAYA | ||